000 00742nam a22001337a 4500
040 _cRUA
082 _aVEM TOE 2014 B434 Or.1
100 _aTOEM TOLA;​ តឹម តុលា
245 _aSurvey on importation infectious diseases on cattle in damnakampil commiunie, angsnuol district, kandal province; ការអង្កេតជំងឺសំខាន់ៗដែលជួបប្រទះលើសត្វោ នៅក្នុងឃុំដំណា់អំពិល ស្រុកអង្គស្នួល ខេត្តកណ្ដាល
260 _aPhnom Penh
_bRUA
_c2014
300 _aix;34p.
_bill.
_c29cm.
856 _uhttps://drive.google.com/file/d/1DlkI7Vuxr2zvsj4Y0sBkVfYFzAhbwFh0/view?usp=sharing
942 _cVEM
999 _c7020
_d7020